000 00220nam a22000857a 4500
008 170306b xxu||||| |||| 00| 0 eng d
100 _93036
_aDickens.C
245 _aA tale of two Cities
260 _aDelhi
_bOriant longman
_c2003
999 _c6286
_d6286